Normal view MARC view

Entry Personal Name

Number of records used in: 1

001 - CONTROL NUMBER

  • control field: 12813

003 - CONTROL NUMBER IDENTIFIER

  • control field: OSt

005 - DATE AND TIME OF LATEST TRANSACTION

  • control field: 20191029161200.0

008 - FIXED-LENGTH DATA ELEMENTS

  • fixed length control field: 191029|| aca||aabn | a|a d

040 ## - CATALOGING SOURCE

  • Original cataloging agency: OSt
  • Transcribing agency: OSt

100 ## - HEADING--PERSONAL NAME

  • Personal name: Buragohain, Tarujyoti

670 ## - SOURCE DATA FOUND

  • Source citation: Work cat.: (OSt): Buragohain, Tarujyoti, Agrarian change: Income and productivity differential of various crops in India

Powered by Koha